000 00582cam a22002051 4500
001 af 47001567
003 DLC
005 20260227110809.0
008 830518s1942 gw 000 0 ger c
010 _aaf 47001567
035 _a(OCoLC)9520876
040 _aIllinois. Univ. Library
_cICarbS
_dICarbS
_dDLC
042 _apremarc
050 0 0 _aPT2647.I665
_bB8
100 1 _aWinnig, August,
_d1878-1956.
245 1 4 _aDas Buch Wanderschaft.
260 _aHamburg,
_bHanseatische Verlagsanstalt
_c[1942]
300 _a329, [1] p.
_billus., plates.
_c19 cm.
500 _aAutobiography.
999 _c1303
_d1303